000 008430000a22002650004500
001 48735
010 _a972-41-2946-2
021 _aPT
_b178541/02
100 _a20111229d2011 e y0pory5003 ba
101 0 _apor
102 _aPT
200 1 _aA história do Senhor Sommer
_fPatrick Süskind
_gtrad. Maria Castro Dias
_gilust. Jean-Jacques Sempé
205 _a12ª.ed.
210 _aPorto
_cAsa
_d2002
215 _a90, [2] p.
_d18 cm
225 2 _aAsa de bolso
_v27
304 _aTítulo original: Die Geschichte von Hern Sommer
606 _aLiteratura estrangeira
_xConto
675 _a821.112.2-93"19"
_vBN
_zpor
700 1 _aSüskind
_bPatrick
_f1949-
702 1 _917199
_4730
_aDias
_bMaria Castro
801 _aPT
_bBN
_c20111229
090 _a48735
942 _cMON
_n0
999 _a48735